Visualizzazione normale
Vista MARC
- Casini Carlo
di Personal Name
Records bibliografici associati: 11
001 - CONTROL NUMBER
- control field: 56404
003 - CONTROL NUMBER IDENTIFIER
- control field: IT-RoPau
005 - DATE AND TIME OF LATEST TRANSACTION
- control field: 20170420154558.0
008 - FIXED-LENGTH DATA ELEMENTS
- fixed length control field: 170420|| aca||aabn | a|a d
040 ## - CATALOGING SOURCE
- Original cataloging agency: IT-RoPau
- Transcribing agency: IT-RoPau
100 ## - HEADING--PERSONAL NAME
- Personal name: Casini Carlo
670 ## - SOURCE DATA FOUND
- Source citation: Work cat.: (IT-RoPau): Casini Carlo, VII Rapporto sull'attuazione della L. 40/2004 per l'anno 2013 con specifico riferimento all'art. 1, 2015